
Library Catalogue

| 000 -LEADER | |
|---|---|
| fixed length control field | 01090nam a22002177a 4500 |
| 003 - CONTROL NUMBER IDENTIFIER | |
| control field | OSt |
| 005 - DATE AND TIME OF LATEST TRANSACTION | |
| control field | 20210101154929.0 |
| 008 - FIXED-LENGTH DATA ELEMENTS--GENERAL INFORMATION | |
| fixed length control field | 190810b2018 ||||| |||| 00| 0 eng |
| 020 ## - INTERNATIONAL STANDARD BOOK NUMBER | |
| International Standard Book Number | 9788131253656 |
| 040 ## - CATALOGING SOURCE | |
| Transcribing agency | nls |
| 041 ## - LANGUAGE CODE | |
| Language code of text/sound track or separate title | English |
| 082 ## - DEWEY DECIMAL CLASSIFICATION NUMBER | |
| Classification number | 347.013 KHA |
| 100 ## - MAIN ENTRY--PERSONAL NAME | |
| Personal name | Khanna A N |
| 245 ## - TITLE STATEMENT | |
| Title | Law of court fees and suits valuation |
| 250 ## - EDITION STATEMENT | |
| Edition statement | 9th Ed |
| 260 ## - PUBLICATION, DISTRIBUTION, ETC. | |
| Place of publication, distribution, etc. | New Delhi |
| Name of publisher, distributor, etc. | Universal Law Publishing Co.Pvt.Ltd. |
| Date of publication, distribution, etc. | 2018 |
| 300 ## - PHYSICAL DESCRIPTION | |
| Extent | HB |
| 505 ## - FORMATTED CONTENTS NOTE | |
| Formatted contents note | Contents<br/>The Court-Fees Act, 1870<br/>Chapter I Preliminary<br/>Chapter II Fees in the High Courts and in the Courts of Small Causes at the Presidency-Towns<br/>Chapter III Fees other Courts and in Public Offices<br/>Chapter IIIA Probates, Letters of Administration and Certificates of Administration<br/>Chapter IV Process Fees<br/>Chapter V Of the Mode of Levying Fees<br/>Chapter VI Miscellaneous<br/>The Suits Valuatioin Act, 1887<br/>Part I - Suits Relating to Land<br/>Part II - Other Suits<br/>Part III - Supplmental Provisions<br/>State Laws |
| 600 ## - SUBJECT ADDED ENTRY--PERSONAL NAME | |
| Personal name | Court Fees Act - Commentary |
| -- | Suits Valuation Act - Commentary |
| 942 ## - ADDED ENTRY ELEMENTS (KOHA) | |
| Source of classification or shelving scheme | Dewey Decimal Classification |
| Koha item type | BOOKs |
| Withdrawn status | Lost status | Source of classification or shelving scheme | Materials specified (bound volume or other part) | Damaged status | Not for loan | Home library | Current library | Shelving location | Date acquired | Source of acquisition | Cost, normal purchase price | Total Checkouts | Full call number | Barcode | Date last seen | Price effective from | Koha item type |
|---|---|---|---|---|---|---|---|---|---|---|---|---|---|---|---|---|---|
| Dewey Decimal Classification | HB | . | . | 10.08.2018 | Purchased | 2195.00 | 347.013 KHA | 36332 | 10.08.2019 | 10.08.2019 | BOOKs |